English FIFA World Cup Goalscorers - Statistics

General Stats
  • This quiz has been taken 113 times
    84 since last reset
  • The average score is 31 of 53
Answer Stats
Answer % Correct
Harry Kane
97%
Gary Lineker
91%
Bobby Charlton
90%
David Beckham
90%
Michael Owen
90%
Steven Gerrard
90%
Geoff Hurst
85%
Alan Shearer
82%
Dele Alli
82%
Harry Maguire
79%
John Stones
79%
Wayne Rooney
79%
Joe Cole
76%
Kieran Trippier
76%
Daniel Sturridge
75%
Paul Scholes
75%
Raheem Sterling
75%
Marcus Rashford
74%
Peter Crouch
74%
Jude Bellingham
69%
Martin Peters
69%
Bukayo Saka
68%
David Platt
68%
Jermain Defoe
68%
Jordan Henderson
68%
Bryan Robson
66%
Jack Grealish
63%
Jesse Lingard
63%
Jimmy Greaves
63%
Phil Foden
63%
Sol Campbell
63%
Mark Wright
62%
Matthew Upson
60%
Rio Ferdinand
59%
Emile Heskey
57%
Darren Anderton
50%
Paul Mariner
47%
Peter Beardsley
47%
Roger Hunt
43%
Tom Finney
43%
Nat Lofthouse
41%
Trevor Francis
28%
Alan Mullery
26%
Stan Mortensen
25%
Johnny Haynes
22%
Allan Clarke
19%
Ron Flowers
18%
Dennis Wilshaw
13%
Ivor Broadis
13%
Wilf Mannion
12%
Derek Kevan
10%
Jimmy Mullen
6%
Gerry Hitchens
4%
No matching quizzes found
Score Distribution
Percent of People with Each Score
Percentile by Number Answered
Your Score History
You have not taken this quiz since the last reset